书目信息 |
| 题名: |
微分几何
|
|
| 作者: | 2敬之 , 梅向明 , 黄敬之 编 | |
| 分册: | ||
| 出版信息: | 北京 人民教育出版社 1981 |
|
| 页数: | 270页 | |
| 开本: | 21cm | |
| 丛书名: | ||
| 单 册: | ||
| 中图分类: | O186.1 | |
| 科图分类: | ||
| 主题词: | 微分几何 | |
| 电子资源: | ||
| ISBN: | ||
| 000 | 00735nam0 2200265 45 | |
| 001 | 0181005060 | |
| 005 | 20060420160658.04 | |
| 010 | @dCNY0.80 | |
| 091 | @a13012.0626 | |
| 100 | @a19950510d1981 em y0chiy0121 ea | |
| 101 | 0 | @achi |
| 102 | @aCN@b110000 | |
| 105 | @ay q 000yy | |
| 200 | 10 | @a微分几何@Awei fen ji he@f梅向明, 黄敬之编@Fmei xiang ming,huang jing zhi bian |
| 210 | @a北京@c人民教育出版社@d1981 | |
| 215 | @a270页@d21cm | |
| 300 | @a高等学校试用教材 | |
| 606 | @a微分几何 | |
| 690 | @aO186.1@v3 | |
| 701 | 0 | @a2敬之@A2 jing zhi@4编 |
| 701 | 0 | @a梅向明@Amei xiang ming@4编 |
| 701 | 0 | @a黄敬之@Ahuang jing zhi@4编 |
| 801 | 2 | @aCN@bNLC@c20060420 |
| 801 | 0 | @aCN@b上海图书馆@c20040524 |
| 905 | @dO186.1@e12 | |
| 微分几何/梅向明, 黄敬之编.-北京:人民教育出版社,1981 |
| 270页;21cm |
| 高等学校试用教材 |
| ISBN :CNY0.80 |
| ● |
| 相关链接 |
|
|
|
|
正题名:微分几何
索取号:O186.1/12
 
预约/预借
| 序号 | 登录号 | 条形码 | 馆藏地/架位号 | 状态 | 备注 |
| 1 | 0054501 | 202276492 | 密集书库/ [索取号:O186.1/12] | 在馆 | |
| 2 | 0088158 | 000396896 | 密集书库/ [索取号:O186.1/12] | 在馆 |